Estadísticas para Convocatoria España 2022 Mundial

Haz click aquí para intentar la prueba.

Estadísticas generales

  • Esta prueba ha sido intentada 108 veces
  • La puntuación promedio es 19 de 26

Estadísticas de respuestas

PosiciónJugadores% Correcto
CentrocampistaPedri
95%
PorteroUnai Simon
95%
CentrocampistaGavi
94%
DelanteroMorata
93%
CentrocampistaBusquets
91%
DefensaJordi Alba
87%
DefensaCarvajal
83%
DelanteroFerran Torres
79%
DefensaLaporte
79%
DelanteroAnsu Fati
78%
DelanteroDani Olmo
77%
DefensaPau Torres
77%
DefensaBalde
76%
PorteroDavid Raya
74%
CentrocampistaRodri
73%
DelanteroAsensio
72%
CentrocampistaKoke
72%
PorteroRobert Sanchez
70%
DefensaEric García
69%
DelanteroSarabia
69%
DelanteroNico Williams
68%
DefensaAzpilicueta
63%
CentrocampistaCarlos Soler
55%
CentrocampistaMarcos Llorente
55%
DefensaGuillamon
54%
DelanteroYeremi Pino
48%

Distribución de puntuación

Porcentaje por número respondido

Porcentaje de gente con cada puntuación

Historial de tus puntuaciones

No has intentado esta prueba.